[Event "Carpuela CupT U20 6th"]
[Site "Carpuela"]
[Date "2015.06.01"]
[Round "1.3"]
[White "Jima, Paul"]
[Black "Reinoso Salas, Daniel Alejandro"]
[Result "0-1"]
[WhiteElo "1317"]
[BlackElo "1710"]
[PlyCount "60"]
[EventDate "2015.06.01"]
[EventType "team-swiss"]
[EventRounds "7"]
[EventCountry "ECU"]
[SourceTitle "CBM 166 Extra"]
[Source "ChessBase"]
[SourceDate "2015.06.18"]
[SourceVersion "1"]
[SourceVersionDate "2015.06.18"]
[SourceQuality "1"]
[WhiteTeam "Zamora"]
[BlackTeam "Chimborazo"]
[WhiteTeamCountry "ECU"]
[BlackTeamCountry "ECU"]

1. e4 c5 2. Nf3 e6 3. d4 cxd4 4. Nxd4 Nc6 5. Nb3 a6 6. Bd3 Qc7 7. f4 d6 8. Be3 Nf6 9. N1d2 Be7 10. a3 e5 11. f5 d5 12. 0-0 b6 13. c4 dxe4 14. Nxe4 Bb7 15. Ng3 0-0 16. Bg5 Rad8 17. Qc2 Nd4 18. Nxd4 Rxd4 19. Bxf6 Bxf6 20. Ne4 Bxe4 21. Bxe4 Rxc4 22. Qe2 a5 23. Bd3 Rd4 24. a4 Rfd8 25. Rfd1 Qc5 26. Kh1 Qb4 27. Qc2 e4 28. Be2 Rxd1+ 29. Rxd1 Rxd1+ 30. Bxd1 Qe1# 0-1